Les 20 villes les plus peuplées des Alpes-de-Haute-Provence sur une carte - Statistiques

Statistiques générales
  • Ce quiz a été pris 99 fois
  • Le résultat moyen est 8 sur 20
Réponses sur la Carte
Les réponses sont colorées sur une échelle allant du rouge au vert en fonction du pourcentage des utilisateurs qui les ont devinées à leur premier essai. Vous pouvez retrouver ces pourcentages ci-dessous.
 
Statistiques - réponses
Habitants Ville % Correct
17 192 Digne-les-Bains
95%
22 926 Manosque
84%
5 118 Forcalquier
79%
7 699 Sisteron
77%
2 539 Barcelonnette
72%
5 981 Oraison
48%
5 082 Château-Arnoux-Saint-Auban
41%
3 884 Les Mées
37%
3 155 Valensole
31%
2 939 Gréoux-les-Bains
29%
2 002 Malijai
28%
4 355 Villeneuve
28%
3 219 Volx
28%
3 941 Pierrevert
26%
3 489 Sainte-Tulle
26%
2 804 Peyruis
23%
1 643 Riez
22%
1 480 Peipin
21%
1 638 Volonne
17%
1 713 Reillanne
16%
Aucun quiz correspondant
Distribution des résultats
% des personnes avec chaque résultat
Percentile par nombre de réponses
Votre historique - résultats
Vous n’avez pas pris ce quiz